书目信息 |
| 题名: |
基于人防路面工程改造施工设计与探地雷达检测分析
|
|
| 作者: | 胡畏 , 孙阳波 , 孔位学 , 芮勇勤 编著 | |
| 分册: | ||
| 出版信息: | 沈阳 东北大学出版社 2024.07 |
|
| 页数: | 466页 | |
| 开本: | 26cm | |
| 丛书名: | ||
| 单 册: | ||
| 中图分类: | U416.204 | |
| 科图分类: | ||
| 主题词: | 探地雷达--tan di lei da--应用--路面施工 | |
| 电子资源: | ||
| ISBN: | 978-7-5517-3615-2 | |
| 000 | 01203nam0 2200301 450 | |
| 001 | 97458 | |
| 005 | 20250919160751.14 | |
| 010 | @a978-7-5517-3615-2@dCNY128.00 | |
| 100 | @a20241029d2024 em y0chiy50 ea | |
| 101 | 0 | @achi |
| 102 | @aCN@b210000 | |
| 105 | @aab a 000yy | |
| 106 | @ar | |
| 106 | @ar | |
| 200 | 1 | @a基于人防路面工程改造施工设计与探地雷达检测分析@Aji yu ren fang lu mian gong cheng gai zao shi gong she ji yu tan di lei da jian ce fen xi@f胡畏 ... [等] 编著 |
| 210 | @a沈阳@c东北大学出版社@d2024.07 | |
| 215 | @a466页@c图, 地图@d26cm | |
| 304 | @a题名页题其余责任者: 孙阳波, 孔位学, 芮勇勤 | |
| 320 | @a有书目 (第459页) | |
| 330 | @a本书共分12章, 主要内容包括: 零阳中路路基路面改造工程 ; 零阳中路路基路面地下管线工程 ; 平战结合人防路基路面工程 ; 平战结合人防路基路面地下管线工程 ; 探地雷达探测地层结构管线原理与识别技术 ; 平战人防路面工程探地雷达检测等。 | |
| 606 | 0 | @a探地雷达@Atan di lei da@x应用@x路面施工 |
| 690 | @aU416.204@v5 | |
| 701 | 0 | @a胡畏@Ahu wei@4编著 |
| 701 | 0 | @a孙阳波@Asun yang bo@4编著 |
| 701 | 0 | @a孔位学@Akong wei xue@4编著 |
| 701 | 0 | @a芮勇勤@Arui yong qin@4编著 |
| 801 | 0 | @aCN@c20250909 |
| 905 | @a河南城建学院图书馆@dU416.204@eH513@f1 | |
| 基于人防路面工程改造施工设计与探地雷达检测分析/胡畏 ... [等] 编著.-沈阳:东北大学出版社,2024.07 |
| 466页:图, 地图;26cm |
| ISBN 978-7-5517-3615-2:CNY128.00 |
| 本书共分12章, 主要内容包括: 零阳中路路基路面改造工程 ; 零阳中路路基路面地下管线工程 ; 平战结合人防路基路面工程 ; 平战结合人防路基路面地下管线工程 ; 探地雷达探测地层结构管线原理与识别技术 ; 平战人防路面工程探地雷达检测等。 |
| ● |
| 相关链接 |
|
|
|
正题名:基于人防路面工程改造施工设计与探地雷达检
索取号:U416.204/H513
 
预约/预借
| 序号 | 登录号 | 条形码 | 馆藏地/架位号 | 状态 | 备注 |
| 1 | 1638504 | 216385043 | 自科库501/501自科库 53排2列4层/ [索取号:U416.204/H513] | 在馆 |